| 000 | 00919nam a2200253Ia 4500 | ||
|---|---|---|---|
| 003 | OSt | ||
| 005 | 20220923225538.0 | ||
| 006 | a|||||r|||| 00| 0 | ||
| 007 | ta | ||
| 008 | 220922b |||||||| |||| 00| 0 mal d | ||
| 024 | _a270,806 | ||
| 037 | _cTextual | ||
| 040 |
_aARTS _cARTS _bmal |
||
| 041 |
_2mal _amal |
||
| 082 | _aO32,3N12:g, 152M5 | ||
| 100 | _aविश्वन, टी0 एन0, संपा. | ||
| 245 | 0 | _aज्ञानपीठ पुरस्कार विजेता तकषी | |
| 246 | _aJnyānapīṭh puraskār vijetā takaṣhī | ||
| 260 |
_aकोचिन _b केरल हिन्दी साहित्य मण्डल _c1985 |
||
| 300 |
_a256पृ0 _ccm. |
||
| 650 |
_aमलयालम साहित्य _9156264 |
||
| 942 |
_hO32,3N12:g, 152M5 _cTEXL _2CC |
||
| 999 |
_c378968 _d378968 |
||